00431nam a22001457a 450000500170000000800410001704100130005808200150007110000240008624500530011025000190016326000460018230000320022865000250026020231107073459.0231107b |||||||| |||| 00| 0 eng d aEnglish  a346.43 WIL aWille, G lEnglish  aLandlord and Tenant in South Africa / cG Wille  aFifth Edition  aCape Town : bJuta and Company Ltd,c1956 bxxii, 304 pages ; c23 cm.  aLegal practice bLaw